1286 1383 1258 1852 1700 1876 1872 1743 1257 1767 1444 1393 1554 1573 1368 1762 1255 1129 1191 1191 1852 1287 1556 1642 1063 1383 1162 1578 1518 1884 1858 1541 1789 1627 1652 1873 1886 1227 1190 1255 1277 1761 1415 1156 1490 1820 1684 1460 1031 1454 1905 1186 1487 1231 1282 1931 1125 2000 1030 1473 1194 1868 1654 1352 1415 1368 1133 1109 1967 1297 1828 1808 1920 1493 1963 1470 1258 1035 1666 1597 1194 1400 1518 1947 1850 1734 1472 1631 1349 1341 1089 1469 1150 1259 1893 1897 1821 1414 1805 BCNSPRNW ULIB Ver.6.0+V

เปลี่ยนเป็นภาษาไทย

Change to English
 แสดงรายละเอียดบรรณานุกรม
  กลับหน้าหลัก

Brief Record : Get Marc (ISO 2709) : E-mail record : QR code < ปิดหน้าต่าง
LEADER : 00000nam 2200000uu 4500
001    13399121299
003     ULIB
008    020711s2551 th a 000 0 tha d
050  4 PN4129 ป231ห
100    ประชา ฉายเพ็ชร
245    หลักการพูดเบื้องต้น/^cประชา ฉายเพ็ชร
260     ^bม.ป.ท.,^c2551
300    125 หน้า;^b21 ซม.
945    ^p0^l0^i16089
945    ^p0^l0^i16090
999    ^aทศพร เกษรทอง
รายการนี้ยังไม่มีแท็ก
คุณยังไม่ได้ล็อกอิน คุณสามารถมีกิจกรรมร่วมกับเว็บไซต์ได้ แต่ต้องล็อกอินก่อน ::
  ล็อกอิน

รายการสื่อสารสนเทศ

ลำดับที่ ประเภท เลขเรียก/บาร์โค้ด สถานที่ สถานะ
1. วิทยาศาสตร์การแพทย์ และสุขภาพ
วิทยาศาสตร์การแพทย์ และสุขภาพ
PN4129 ป231ห  
  Barcode: 16089
ห้องสมุดวิทยาเขตสวรรค์ประชารักษ์
►หนังสือทั่วไป
บนชั้น
2. วิทยาศาสตร์การแพทย์ และสุขภาพ
วิทยาศาสตร์การแพทย์ และสุขภาพ
PN4129 ป231ห ฉ.2 
  Barcode: 16090
ห้องสมุดวิทยาเขตสวรรค์ประชารักษ์
►หนังสือทั่วไป
บนชั้น

รายการใกล้เคียง
    ผู้แต่ง [ประชา ฉายเพ็ชร]

BibComment


ยังไม่เคยถูกคอมเมนท์

คอมเมนท์ทรัพยากรรายการนี้
  คอมเมนท์: หลักการพูดเบื้องต..


 Copyright 2026. Bcnsprnw @Library